| 000 | 00953nam0a22002891 4500 | ||
|---|---|---|---|
| 001 | RU\INGAK2\INFOCOMM_322\NLR\5000183087 | ||
| 005 | 20250625203041.0 | ||
| 035 | _a(NLR Aleph) 011045533 | ||
| 090 |
_a11173147 _c11173147 |
||
| 100 | _a20130218d1961 |||y0rusy50 ca | ||
| 101 | 1 |
_aspa _crus |
|
| 102 | _aRU | ||
| 105 | _ay z|||| | ||
| 200 | 1 |
_aEstructura del Sol _fA. Masievich _g[Trad. del ruso por F. Blanco y L. Vladov] |
|
| 210 |
_aM. _cEd. en languas extranjeras _d1961 |
||
| 215 |
_a118, [6] с. _cил. _d20 см |
||
| 300 | _aНа последней с.: А. Масевич. Строение солнца | ||
| 517 | 1 |
_aСтроение солнца _zrus |
|
| 607 |
_aСолнце _xСтроение _2nlr_sh1 |
||
| 620 | _aМосква | ||
| 686 |
_aА6-5 _2rubbk |
||
| 700 | 1 |
_aMasevič _bA. G. _f1918- _gAlla Genrichovna |
|
| 801 | 1 |
_aRU _bInfoComm _c20130218 |
|
| 801 | 0 |
_aRU _bNLR _gPSBO |
|
| 852 |
_aNLR _jА01 Г-3/66 |
||
| 942 | _cBOOK | ||
| 980 | _aNB | ||